000
00329 a2200157 4500
001
58162
020
_a
040
_c
Anchieta - Pituba
100
_a
Faulkner, William
240
1
0
_a
Paga de soldado
_l
por
245
1
0
_a
Paga de soldado
300
_a
372
362
0
_a
1970
650
4
_a
Ficção norte-americana
942
_c
BK
999
_c
58162
_d
58162